[Event "European Youth Chess Championship B12"]
[Site "Prague, Top Hotel Prague"]
[Date "2012.08.25"]
[Round "9.1"]
[White "Lobanov, Sergei"]
[Black "Martirosyan, Haik M"]
[Result "1/2-1/2"]
[WhiteElo "2032"]
[BlackElo "2019"]
[PlyCount "0"]
[EventDate "2012.08.17"]

1. e4 {[%clk 1:30:58]} e6 {[%clk 1:30:50]} 2. d4 {[%clk 1:31:23]} d5
{[%clk 1:31:13]} 3. Nc3 {[%clk 1:31:49]} Bb4 {[%clk 1:31:39]} 4. e5
{[%clk 1:32:14]} c5 {[%clk 1:32:04]} 5. Bd2 {[%clk 1:32:40]} Ne7 {[%clk 1:32:21]}
6. Nf3 {[%clk 1:28:54]} cxd4 {[%clk 1:30:53]} 7. Nb5 {[%clk 1:28:58]} Bxd2+
{[%clk 1:30:57]} 8. Qxd2 {[%clk 1:29:22]} O-O {[%clk 1:31:02]} 9. Bd3
{[%clk 1:29:32]} Nbc6 {[%clk 1:29:42]} 10. O-O {[%clk 1:25:19]} Bd7
{[%clk 1:25:55]} 11. Rae1 {[%clk 1:18:57]} Ng6 {[%clk 1:24:05]} 12. Bxg6
{[%clk 1:14:52]} hxg6 {[%clk 1:24:06]} 13. Nbxd4 {[%clk 1:12:22]} Ne7
{[%clk 1:21:03]} 14. Re3 {[%clk 1:10:10]} Nf5 {[%clk 1:19:49]} 15. Nxf5
{[%clk 1:08:13]} gxf5 {[%clk 1:18:41]} 16. Nd4 {[%clk 1:07:47]} Qg5
{[%clk 1:13:15]} 17. f4 {[%clk 1:05:42]} Qe7 {[%clk 1:13:30]} 18. Kh1
{[%clk 1:01:59]} g6 {[%clk 1:12:11]} 19. Rg1 {[%clk 0:55:09]} Kg7
{[%clk 1:10:48]} 20. g4 {[%clk 0:54:27]} fxg4 {[%clk 1:10:37]} 21. Rxg4
{[%clk 0:54:10]} Rh8 {[%clk 1:09:19]} 22. Reg3 {[%clk 0:48:30]} Rh4
{[%clk 1:06:00]} 23. h3 {[%clk 0:41:35]} Rah8 {[%clk 1:05:14]} 24. Kg2
{[%clk 0:41:11]} Rxg4 {[%clk 1:03:52]} 25. Rxg4 {[%clk 0:41:33]} Qc5
{[%clk 1:02:51]} 26. Qf2 {[%clk 0:33:59]} b6 {[%clk 1:01:44]} 27. c3
{[%clk 0:31:49]} a5 {[%clk 1:01:09]} 28. Rh4 {[%clk 0:29:23]} Rc8
{[%clk 0:56:32]} 29. Qe3 {[%clk 0:22:44]} Qe7 {[%clk 0:54:51]} 30. Kg3
{[%clk 0:17:02]} Rh8 {[%clk 0:54:36]} 31. Rxh8 {[%clk 0:17:30]} Kxh8
{[%clk 0:54:59]} 32. Nf3 {[%clk 0:15:23]} Qc5 {[%clk 0:54:23]} 33. Qe1
{[%clk 0:12:53]} Kg7 {[%clk 0:52:44]} 34. Kh2 {[%clk 0:09:00]} d4
{[%clk 0:51:31]} 35. Qh4 {[%clk 0:08:01]} dxc3 {[%clk 0:51:34]} 36. bxc3
{[%clk 0:06:27]} Qxc3 {[%clk 0:50:05]} 37. Qf6+ {[%clk 0:06:27]} Kf8
{[%clk 0:50:19]} 38. Qh8+ {[%clk 0:06:31]} Ke7 {[%clk 0:50:45]} 39. Qf6+
{[%clk 0:06:53]} Kf8 {[%clk 0:51:05]} 40. Qh8+ {[%clk 0:37:05]} Ke7
{[%clk 1:21:31]} 41. Qf6+ {[%clk 0:37:31]} Kf8 {[%clk 1:21:57]} 1/2-1/2

[Event "European Youth Chess Championship B12"]
[Site "Prague, Top Hotel Prague"]
[Date "2012.08.25"]
[Round "9.2"]
[White "Sarana, Alexey"]
[Black "Nguyen, Thai Dai Van"]
[Result "1-0"]
[WhiteElo "2106"]
[BlackElo "2044"]
[PlyCount "0"]
[EventDate "2012.08.17"]

1. e4 {[%clk 1:30:58]} e6 {[%clk 1:30:52]} 2. d4 {[%clk 1:31:23]} d5
{[%clk 1:31:15]} 3. Nc3 {[%clk 1:31:42]} Nf6 {[%clk 1:31:35]} 4. e5
{[%clk 1:32:01]} Nfd7 {[%clk 1:31:57]} 5. f4 {[%clk 1:32:25]} c5 {[%clk 1:32:05]}
6. Nf3 {[%clk 1:32:48]} Nc6 {[%clk 1:32:14]} 7. Be3 {[%clk 1:33:00]} a6
{[%clk 1:32:25]} 8. Qd2 {[%clk 1:32:59]} b5 {[%clk 1:32:41]} 9. Nd1
{[%clk 1:33:05]} Qb6 {[%clk 1:28:09]} 10. c3 {[%clk 1:31:59]} Be7
{[%clk 1:21:56]} 11. Bd3 {[%clk 1:25:58]} g6 {[%clk 1:15:24]} 12. dxc5
{[%clk 1:09:42]} Bxc5 {[%clk 0:57:24]} 13. b4 {[%clk 1:05:42]} Bxe3
{[%clk 0:57:10]} 14. Qxe3 {[%clk 1:05:54]} Bb7 {[%clk 0:51:55]} 15. a4
{[%clk 0:59:42]} bxa4 {[%clk 0:49:00]} 16. Rxa4 {[%clk 0:59:27]} Qxe3+
{[%clk 0:47:46]} 17. Nxe3 {[%clk 0:59:48]} Nb6 {[%clk 0:47:36]} 18. Ra2
{[%clk 0:57:59]} Ke7 {[%clk 0:38:10]} 19. Kf2 {[%clk 0:49:56]} d4
{[%clk 0:26:18]} 20. Nxd4 {[%clk 0:48:40]} Nxd4 {[%clk 0:26:17]} 21. cxd4
{[%clk 0:49:05]} Rhd8 {[%clk 0:26:22]} 22. Nc2 {[%clk 0:32:39]} Nd5
{[%clk 0:16:26]} 23. Be4 {[%clk 0:22:10]} Nxb4 {[%clk 0:05:14]} 24. Nxb4
{[%clk 0:18:34]} Bxe4 {[%clk 0:05:34]} 25. Ke3 {[%clk 0:18:34]} Bd5
{[%clk 0:04:30]} 26. Nxd5+ {[%clk 0:15:42]} Rxd5 {[%clk 0:04:54]} 27. Rb1
{[%clk 0:13:18]} a5 {[%clk 0:03:50]} 28. Ra4 {[%clk 0:13:19]} h5 {[%clk 0:02:51]}
29. g3 {[%clk 0:12:31]} Ra7 {[%clk 0:02:24]} 30. h3 {[%clk 0:12:09]} Rc7
{[%clk 0:02:14]} 31. Kd3 {[%clk 0:12:13]} Ra7 {[%clk 0:02:12]} 32. g4
{[%clk 0:10:26]} hxg4 {[%clk 0:02:37]} 33. hxg4 {[%clk 0:10:51]} Rc7
{[%clk 0:02:03]} 34. Kd2 {[%clk 0:07:54]} Rcd7 {[%clk 0:01:46]} 35. Ke3
{[%clk 0:08:07]} Rc7 {[%clk 0:02:09]} 36. Kd3 {[%clk 0:08:28]} Rcd7
{[%clk 0:01:54]} 37. Ke4 {[%clk 0:07:43]} Rc7 {[%clk 0:01:32]} 38. f5
{[%clk 0:05:47]} gxf5+ {[%clk 0:01:52]} 39. gxf5 {[%clk 0:06:08]} Kd7
{[%clk 0:00:58]} 40. f6 {[%clk 0:35:41]} Ra7 {[%clk 0:30:54]} 41. Kf4
{[%clk 0:31:07]} Kc8 {[%clk 0:23:09]} 42. Kg5 {[%clk 0:22:31]} Rad7
{[%clk 0:16:12]} 43. Kh6 {[%clk 0:22:34]} Rxd4 {[%clk 0:03:08]} 44. Rxa5
{[%clk 0:22:38]} Rc7 {[%clk 0:01:53]} 45. Ra8+ {[%clk 0:18:34]} Kd7
{[%clk 0:02:22]} 46. Rba1 {[%clk 0:18:20]} Re4 {[%clk 0:02:07]} 47. Rd1+
{[%clk 0:18:10]} Kc6 {[%clk 0:02:26]} 48. Rc1+ {[%clk 0:18:12]} Kd7
{[%clk 0:02:46]} 49. Rxc7+ {[%clk 0:17:51]} Kxc7 {[%clk 0:03:16]} 50. Kg7
{[%clk 0:17:51]} Rxe5 {[%clk 0:03:30]} 51. Kxf7 {[%clk 0:18:15]} Re1
{[%clk 0:02:29]} 52. Ke7 {[%clk 0:17:48]} e5 {[%clk 0:02:32]} 53. f7
{[%clk 0:18:07]} Rf1 {[%clk 0:02:55]} 54. f8=Q {[%clk 0:18:08]} Rxf8
{[%clk 0:03:22]} 55. Rxf8 {[%clk 0:18:17]} 1-0

[Event "European Youth Chess Championship B12"]
[Site "Prague, Top Hotel Prague"]
[Date "2012.08.25"]
[Round "9.3"]
[White "Pechac, Jergus"]
[Black "Grigorjev, Iljya"]
[Result "1-0"]
[WhiteElo "2081"]
[BlackElo "1980"]
[PlyCount "0"]
[EventDate "2012.08.17"]

1. e4 {[%clk 1:30:53]} e5 {[%clk 1:30:54]} 2. Nf3 {[%clk 1:30:58]} Nc6
{[%clk 1:31:20]} 3. Bc4 {[%clk 1:31:10]} Bc5 {[%clk 1:31:44]} 4. d3
{[%clk 1:31:17]} Nf6 {[%clk 1:31:55]} 5. c3 {[%clk 1:30:51]} O-O {[%clk 1:31:32]}
6. Nbd2 {[%clk 1:30:22]} d5 {[%clk 1:29:48]} 7. exd5 {[%clk 1:27:57]} Nxd5
{[%clk 1:30:03]} 8. Ne4 {[%clk 1:27:23]} Be7 {[%clk 1:29:55]} 9. Ng3
{[%clk 1:26:57]} Bf6 {[%clk 1:15:00]} 10. O-O {[%clk 1:20:12]} Re8
{[%clk 1:09:02]} 11. Bb3 {[%clk 1:17:12]} Be6 {[%clk 1:04:45]} 12. Bc2
{[%clk 1:10:41]} h6 {[%clk 1:03:07]} 13. h3 {[%clk 1:07:08]} Nb6 {[%clk 1:00:27]}
14. Be3 {[%clk 1:04:17]} Ne7 {[%clk 0:53:33]} 15. Re1 {[%clk 0:58:38]} Nbd5
{[%clk 0:40:27]} 16. Bd2 {[%clk 0:52:07]} Ng6 {[%clk 0:36:54]} 17. Nh5
{[%clk 0:49:26]} Bf5 {[%clk 0:32:01]} 18. c4 {[%clk 0:38:34]} Nb6
{[%clk 0:27:05]} 19. Bc3 {[%clk 0:35:30]} c5 {[%clk 0:22:58]} 20. Qe2
{[%clk 0:30:00]} Nd7 {[%clk 0:15:06]} 21. Qf1 {[%clk 0:26:08]} Nh4
{[%clk 0:11:07]} 22. Nxf6+ {[%clk 0:21:31]} Qxf6 {[%clk 0:11:36]} 23. Nxh4
{[%clk 0:21:27]} Qxh4 {[%clk 0:12:05]} 24. Re3 {[%clk 0:21:28]} Re6
{[%clk 0:07:59]} 25. Rf3 {[%clk 0:15:27]} Bg6 {[%clk 0:07:20]} 26. Re1
{[%clk 0:15:05]} Qe7 {[%clk 0:07:09]} 27. Rfe3 {[%clk 0:14:00]} Qd6
{[%clk 0:06:06]} 28. Bd1 {[%clk 0:11:18]} Rae8 {[%clk 0:04:57]} 29. Bf3
{[%clk 0:10:22]} b6 {[%clk 0:05:16]} 30. a3 {[%clk 0:09:35]} a5 {[%clk 0:04:50]}
31. Qe2 {[%clk 0:08:38]} R6e7 {[%clk 0:04:08]} 32. Bd5 {[%clk 0:03:44]} Kh8
{[%clk 0:04:13]} 33. g3 {[%clk 0:03:04]} f6 {[%clk 0:03:25]} 34. Bf3
{[%clk 0:01:18]} Nf8 {[%clk 0:03:11]} 35. Bh5 {[%clk 0:01:04]} Bxh5
{[%clk 0:03:03]} 36. Qxh5 {[%clk 0:01:16]} Ne6 {[%clk 0:03:12]} 37. Qg6
{[%clk 0:00:49]} Nd4 {[%clk 0:02:51]} 38. Bxd4 {[%clk 0:00:58]} Qxd4
{[%clk 0:03:16]} 39. Kg2 {[%clk 0:00:51]} Qxb2 {[%clk 0:03:39]} 40. Re4
{[%clk 0:30:44]} Rf8 {[%clk 0:30:49]} 41. Rh4 {[%clk 0:22:08]} Qd2
{[%clk 0:15:06]} 42. Re3 {[%clk 0:13:15]} a4 {[%clk 0:12:43]} 43. g4
{[%clk 0:13:12]} Ref7 {[%clk 0:10:45]} 44. Rh5 {[%clk 0:12:45]} Qc1
{[%clk 0:09:55]} 45. Rf3 {[%clk 0:12:31]} Kg8 {[%clk 0:03:03]} 46. h4
{[%clk 0:08:31]} Qd2 {[%clk 0:02:20]} 47. Rhf5 {[%clk 0:07:11]} e4
{[%clk 0:02:05]} 48. dxe4 {[%clk 0:06:44]} Qd7 {[%clk 0:01:49]} 49. Rh5
{[%clk 0:05:26]} Kh8 {[%clk 0:01:38]} 50. Rd5 {[%clk 0:03:21]} Qe8
{[%clk 0:01:27]} 51. Rf4 {[%clk 0:01:18]} Re7 {[%clk 0:01:45]} 52. Qxe8
{[%clk 0:00:55]} Rfxe8 {[%clk 0:02:12]} 53. Kf3 {[%clk 0:01:02]} Rb7
{[%clk 0:02:05]} 54. Ke2 {[%clk 0:00:49]} Rc8 {[%clk 0:01:32]} 55. Rff5
{[%clk 0:00:54]} Rc6 {[%clk 0:01:25]} 56. Kd2 {[%clk 0:00:51]} g6
{[%clk 0:01:37]} 57. Rd8+ {[%clk 0:01:13]} Kg7 {[%clk 0:02:02]} 58. Rfd5
{[%clk 0:01:31]} Rcc7 {[%clk 0:02:29]} 59. Kd3 {[%clk 0:01:06]} Kf7
{[%clk 0:02:35]} 60. f4 {[%clk 0:00:49]} b5 {[%clk 0:01:49]} 61. cxb5
{[%clk 0:00:37]} Rxb5 {[%clk 0:02:18]} 62. Kc4 {[%clk 0:00:51]} Rb3
{[%clk 0:02:44]} 63. Rd3 {[%clk 0:00:43]} Rcb7 {[%clk 0:02:56]} 64. Rxb3
{[%clk 0:00:36]} axb3 {[%clk 0:03:22]} 65. Rd1 {[%clk 0:00:52]} b2
{[%clk 0:03:48]} 66. Rb1 {[%clk 0:01:15]} Re7 {[%clk 0:03:33]} 67. Kd5
{[%clk 0:00:58]} Ra7 {[%clk 0:03:26]} 68. Rxb2 {[%clk 0:01:04]} c4
{[%clk 0:03:55]} 69. Kxc4 {[%clk 0:01:00]} Rxa3 {[%clk 0:04:21]} 70. Rb7+
{[%clk 0:00:46]} Kf8 {[%clk 0:04:14]} 71. Rb8+ {[%clk 0:00:34]} Kg7
{[%clk 0:04:39]} 72. Rb7+ {[%clk 0:00:58]} Kf8 {[%clk 0:05:09]} 73. Rb3
{[%clk 0:00:52]} Ra2 {[%clk 0:05:28]} 74. Kd5 {[%clk 0:00:44]} Rg2
{[%clk 0:05:36]} 75. Rb8+ {[%clk 0:00:40]} Kf7 {[%clk 0:05:47]} 76. Rb7+
{[%clk 0:01:05]} Kf8 {[%clk 0:06:14]} 77. Ke6 {[%clk 0:00:42]} Rxg4
{[%clk 0:06:31]} 78. Rf7+ {[%clk 0:00:47]} Kg8 {[%clk 0:05:58]} 79. Rxf6
{[%clk 0:01:04]} g5 {[%clk 0:06:27]} 80. hxg5 {[%clk 0:00:40]} hxg5
{[%clk 0:06:56]} 81. Rg6+ {[%clk 0:00:51]} Kf8 {[%clk 0:07:15]} 82. Rxg5
{[%clk 0:01:10]} Rxf4 {[%clk 0:07:40]} 83. Rf5+ {[%clk 0:01:31]} Rxf5
{[%clk 0:08:10]} 84. exf5 {[%clk 0:01:51]} Ke8 {[%clk 0:08:38]} 85. f6
{[%clk 0:02:09]} Kf8 {[%clk 0:09:06]} 86. f7 {[%clk 0:02:31]} Kg7
{[%clk 0:09:35]} 87. Ke7 {[%clk 0:02:55]} Kg6 {[%clk 0:10:02]} 88. f8=Q
{[%clk 0:03:12]} Kg5 {[%clk 0:10:31]} 89. Ke6 {[%clk 0:03:29]} Kg4
{[%clk 0:11:00]} 90. Ke5 {[%clk 0:03:47]} Kg3 {[%clk 0:11:28]} 91. Ke4
{[%clk 0:04:06]} Kg2 {[%clk 0:11:55]} 92. Ke3 {[%clk 0:04:29]} Kg1
{[%clk 0:12:22]} 93. Qf2+ {[%clk 0:04:48]} Kh1 {[%clk 0:12:49]} 94. Qe2
{[%clk 0:05:08]} Kg1 {[%clk 0:13:16]} 95. Kf3 {[%clk 0:05:31]} Kh1
{[%clk 0:11:40]} 96. Qg2# {[%clk 0:05:19]} 1-0

[Event "European Youth Chess Championship B12"]
[Site "Prague, Top Hotel Prague"]
[Date "2012.08.25"]
[Round "9.4"]
[White "Bilan, Danila"]
[Black "Elistratov, Semen"]
[Result "0-1"]
[WhiteElo "1926"]
[BlackElo "1994"]
[PlyCount "0"]
[EventDate "2012.08.17"]

1. d4 {[%clk 1:30:58]} Nf6 {[%clk 1:30:55]} 2. c4 {[%clk 1:31:14]} e6
{[%clk 1:31:21]} 3. Nc3 {[%clk 1:31:28]} Bb4 {[%clk 1:31:47]} 4. Qc2
{[%clk 1:31:33]} O-O {[%clk 1:32:09]} 5. Nf3 {[%clk 1:31:04]} c5 {[%clk 1:30:31]}
6. dxc5 {[%clk 1:31:06]} Na6 {[%clk 1:29:53]} 7. a3 {[%clk 1:30:04]} Bxc3+
{[%clk 1:30:14]} 8. Qxc3 {[%clk 1:29:45]} Nxc5 {[%clk 1:30:02]} 9. Bf4
{[%clk 1:28:55]} d6 {[%clk 1:24:20]} 10. e3 {[%clk 1:20:02]} Nfe4
{[%clk 1:21:46]} 11. Qc2 {[%clk 1:18:54]} e5 {[%clk 1:21:13]} 12. Bg3
{[%clk 1:16:33]} Bf5 {[%clk 1:18:48]} 13. Qd1 {[%clk 1:14:13]} a5
{[%clk 1:06:21]} 14. Nh4 {[%clk 1:04:17]} Be6 {[%clk 1:04:41]} 15. f4
{[%clk 0:31:52]} exf4 {[%clk 1:01:17]} 16. exf4 {[%clk 0:30:16]} Re8
{[%clk 1:00:35]} 17. Be2 {[%clk 0:16:13]} Nxg3 {[%clk 0:59:00]} 18. hxg3
{[%clk 0:14:28]} Bxc4 {[%clk 0:58:52]} 0-1

[Event "European Youth Chess Championship B12"]
[Site "Prague, Top Hotel Prague"]
[Date "2012.08.25"]
[Round "9.5"]
[White "Kevlishvili, Robby"]
[Black "Lukiyanchuk, Vladislav"]
[Result "1/2-1/2"]
[WhiteElo "1898"]
[BlackElo "1968"]
[PlyCount "0"]
[EventDate "2012.08.17"]

1. e4 {[%clk 1:30:56]} c5 {[%clk 1:30:53]} 2. Nf3 {[%clk 1:31:21]} d6
{[%clk 1:31:16]} 3. d4 {[%clk 1:31:45]} cxd4 {[%clk 1:31:40]} 4. Nxd4
{[%clk 1:32:10]} Nf6 {[%clk 1:32:04]} 5. Nc3 {[%clk 1:32:34]} a6 {[%clk 1:32:29]}
6. Be3 {[%clk 1:32:50]} e6 {[%clk 1:32:50]} 7. f3 {[%clk 1:32:51]} b5
{[%clk 1:33:08]} 8. Qd2 {[%clk 1:32:52]} Nbd7 {[%clk 1:33:26]} 9. g4
{[%clk 1:30:41]} Nb6 {[%clk 1:33:19]} 10. Qf2 {[%clk 1:30:22]} Nfd7
{[%clk 1:33:38]} 11. h4 {[%clk 1:20:44]} Bb7 {[%clk 1:32:40]} 12. Bd3
{[%clk 1:17:45]} Rc8 {[%clk 1:32:05]} 13. Nb3 {[%clk 1:15:35]} Nc4
{[%clk 1:28:43]} 14. Bxc4 {[%clk 1:15:41]} Rxc4 {[%clk 1:29:09]} 15. g5
{[%clk 1:10:30]} Qc7 {[%clk 1:26:08]} 16. O-O-O {[%clk 1:08:16]} Rxc3
{[%clk 1:11:53]} 17. bxc3 {[%clk 1:07:37]} Qxc3 {[%clk 1:12:12]} 18. Bd4
{[%clk 1:06:40]} Qc7 {[%clk 1:12:09]} 19. Qd2 {[%clk 1:05:43]} d5
{[%clk 1:11:10]} 20. Rhe1 {[%clk 1:04:21]} dxe4 {[%clk 1:09:36]} 21. fxe4
{[%clk 1:04:27]} Ba3+ {[%clk 1:08:29]} 22. Kb1 {[%clk 1:04:17]} e5
{[%clk 1:06:45]} 23. Ba1 {[%clk 0:57:40]} Ke7 {[%clk 1:02:34]} 24. Re3
{[%clk 0:46:09]} Rd8 {[%clk 0:52:36]} 25. Qa5 {[%clk 0:44:20]} Bd6
{[%clk 0:50:51]} 26. Bc3 {[%clk 0:33:07]} Nb6 {[%clk 0:41:44]} 27. Bb4
{[%clk 0:26:35]} Ke8 {[%clk 0:41:50]} 28. Bxd6 {[%clk 0:21:40]} Rxd6
{[%clk 0:42:14]} 29. Red3 {[%clk 0:21:52]} Rxd3 {[%clk 0:40:24]} 30. cxd3
{[%clk 0:22:14]} Qd6 {[%clk 0:40:46]} 31. Qd2 {[%clk 0:21:52]} Na4
{[%clk 0:38:43]} 32. Rc1 {[%clk 0:21:00]} b4 {[%clk 0:37:52]} 33. Rc4
{[%clk 0:20:11]} Nc3+ {[%clk 0:37:41]} 34. Kb2 {[%clk 0:20:01]} a5
{[%clk 0:35:27]} 35. Rxc3 {[%clk 0:14:36]} bxc3+ {[%clk 0:35:55]} 36. Qxc3
{[%clk 0:15:05]} a4 {[%clk 0:35:12]} 37. Nc5 {[%clk 0:13:37]} Bc6
{[%clk 0:35:33]} 38. a3 {[%clk 0:12:52]} h6 {[%clk 0:35:02]} 39. gxh6
{[%clk 0:12:57]} gxh6 {[%clk 0:35:29]} 40. Na6 {[%clk 0:40:11]} Kd7
{[%clk 1:02:15]} 41. Nb4 {[%clk 0:39:02]} Bb5 {[%clk 1:01:08]} 42. Nd5
{[%clk 0:38:51]} Bc6 {[%clk 1:00:41]} 43. Nb4 {[%clk 0:36:17]} 1/2-1/2

[Event "European Youth Chess Championship B12"]
[Site "Prague, Top Hotel Prague"]
[Date "2012.08.25"]
[Round "9.6"]
[White "Vykouk, Jan"]
[Black "Ioannidis, Evgenios"]
[Result "0-1"]
[WhiteElo "1966"]
[BlackElo "1936"]
[PlyCount "0"]
[EventDate "2012.08.17"]

1. e4 {[%clk 1:30:56]} Nf6 {[%clk 1:30:38]} 2. Nc3 {[%clk 1:30:58]} d5
{[%clk 1:30:39]} 3. exd5 {[%clk 1:28:12]} Nxd5 {[%clk 1:30:52]} 4. Bc4
{[%clk 1:26:37]} Nb6 {[%clk 1:29:31]} 5. Bb3 {[%clk 1:26:36]} Nc6
{[%clk 1:28:31]} 6. Nf3 {[%clk 1:25:58]} e6 {[%clk 1:25:19]} 7. d3
{[%clk 1:24:30]} Be7 {[%clk 1:15:25]} 8. O-O {[%clk 1:23:39]} Na5
{[%clk 1:12:06]} 9. Bf4 {[%clk 1:21:46]} Bd7 {[%clk 1:08:15]} 10. Ne5
{[%clk 1:21:16]} O-O {[%clk 1:04:36]} 11. Nxd7 {[%clk 1:17:51]} Qxd7
{[%clk 1:00:26]} 12. Qf3 {[%clk 1:15:01]} Bd6 {[%clk 0:46:04]} 13. Ne4
{[%clk 1:12:13]} Bxf4 {[%clk 0:42:50]} 14. Qxf4 {[%clk 1:12:14]} Nxb3
{[%clk 0:42:47]} 15. axb3 {[%clk 1:12:31]} Nd5 {[%clk 0:42:40]} 16. Qg3
{[%clk 1:12:49]} Kh8 {[%clk 0:36:47]} 17. Rae1 {[%clk 1:09:25]} b6
{[%clk 0:32:04]} 18. f4 {[%clk 1:07:58]} Ne7 {[%clk 0:29:58]} 19. Qf2
{[%clk 1:05:23]} Rad8 {[%clk 0:23:23]} 20. g4 {[%clk 0:52:00]} e5
{[%clk 0:17:27]} 21. h3 {[%clk 0:39:45]} exf4 {[%clk 0:14:37]} 22. Qxf4
{[%clk 0:37:27]} Ng6 {[%clk 0:14:17]} 23. Qf2 {[%clk 0:36:28]} f6
{[%clk 0:12:37]} 24. Ng3 {[%clk 0:34:39]} a5 {[%clk 0:11:16]} 25. Nf5
{[%clk 0:34:24]} Rfe8 {[%clk 0:11:28]} 26. Rxe8+ {[%clk 0:30:05]} Rxe8
{[%clk 0:10:41]} 27. Re1 {[%clk 0:24:33]} Rxe1+ {[%clk 0:08:02]} 28. Qxe1
{[%clk 0:24:59]} Nf4 {[%clk 0:08:25]} 29. Qe4 {[%clk 0:24:19]} Ne6
{[%clk 0:07:48]} 30. b4 {[%clk 0:12:35]} g6 {[%clk 0:05:33]} 31. Ne3
{[%clk 0:08:20]} Ng5 {[%clk 0:03:11]} 32. Qa8+ {[%clk 0:05:29]} Kg7
{[%clk 0:03:35]} 33. h4 {[%clk 0:05:46]} Qd4 {[%clk 0:02:11]} 34. Qe8
{[%clk 0:06:11]} Nf3+ {[%clk 0:02:19]} 35. Kf2 {[%clk 0:03:32]} Nxh4
{[%clk 0:02:36]} 36. Kg3 {[%clk 0:02:33]} Qd6+ {[%clk 0:03:01]} 37. Kh3
{[%clk 0:01:48]} axb4 {[%clk 0:02:10]} 38. Nc4 {[%clk 0:00:37]} Qf4
{[%clk 0:02:29]} 39. Qe7+ {[%clk 0:00:51]} Kh6 {[%clk 0:02:39]} 40. Qxb4
{[%clk 0:30:34]} Qf3+ {[%clk 0:33:00]} 0-1

[Event "European Youth Chess Championship B12"]
[Site "Prague, Top Hotel Prague"]
[Date "2012.08.25"]
[Round "9.7"]
[White "Theodorou, Nikolas"]
[Black "Livaic, Leon"]
[Result "1-0"]
[WhiteElo "2129"]
[BlackElo "1869"]
[PlyCount "0"]
[EventDate "2012.08.17"]

1. c4 {[%clk 1:30:58]} c5 {[%clk 1:30:50]} 2. Nc3 {[%clk 1:31:20]} g6
{[%clk 1:31:11]} 3. g3 {[%clk 1:31:44]} Bg7 {[%clk 1:31:26]} 4. Bg2
{[%clk 1:32:06]} Nc6 {[%clk 1:31:40]} 5. e4 {[%clk 1:32:20]} d6 {[%clk 1:31:45]}
6. Nge2 {[%clk 1:32:42]} Nf6 {[%clk 1:31:19]} 7. O-O {[%clk 1:32:58]} O-O
{[%clk 1:31:24]} 8. d3 {[%clk 1:33:06]} Ne8 {[%clk 1:30:30]} 9. Be3
{[%clk 1:31:59]} Nd4 {[%clk 1:30:22]} 10. Rb1 {[%clk 1:30:59]} a5
{[%clk 1:29:43]} 11. f4 {[%clk 1:30:27]} Nc7 {[%clk 1:27:39]} 12. Qd2
{[%clk 1:29:28]} Nce6 {[%clk 1:22:03]} 13. f5 {[%clk 1:26:25]} Nxe2+
{[%clk 1:21:26]} 14. Nxe2 {[%clk 1:26:22]} Nd4 {[%clk 1:21:29]} 15. Nxd4
{[%clk 1:24:22]} cxd4 {[%clk 1:21:38]} 16. Bg5 {[%clk 1:22:56]} f6
{[%clk 1:16:37]} 17. Bh6 {[%clk 1:22:41]} Bd7 {[%clk 1:14:38]} 18. h4
{[%clk 1:14:15]} Qe8 {[%clk 1:03:48]} 19. Bxg7 {[%clk 1:12:43]} Kxg7
{[%clk 1:04:14]} 20. Qf2 {[%clk 1:12:53]} gxf5 {[%clk 1:03:30]} 21. exf5
{[%clk 1:13:13]} Qc8 {[%clk 1:02:51]} 22. Rbe1 {[%clk 1:12:44]} Kf7
{[%clk 1:01:29]} 23. Bd5+ {[%clk 1:12:30]} Ke8 {[%clk 1:01:16]} 24. Qe2
{[%clk 1:12:41]} Kd8 {[%clk 0:59:27]} 25. Qxe7+ {[%clk 1:12:30]} Kc7
{[%clk 0:59:54]} 26. c5 {[%clk 1:12:10]} dxc5 {[%clk 0:59:04]} 27. Qxc5+
{[%clk 1:12:29]} Kb8 {[%clk 0:58:56]} 28. Qd6+ {[%clk 1:12:25]} Ka7
{[%clk 0:58:57]} 29. Rc1 {[%clk 1:12:29]} Qd8 {[%clk 0:57:23]} 30. Rc7
{[%clk 1:12:14]} Bc8 {[%clk 0:57:14]} 31. Qc6 1-0

[Event "European Youth Chess Championship B12"]
[Site "Prague, Top Hotel Prague"]
[Date "2012.08.25"]
[Round "9.8"]
[White "Gazik, Viktor"]
[Black "Asadli, Vugar"]
[Result "1-0"]
[WhiteElo "2073"]
[BlackElo "1785"]
[PlyCount "0"]
[EventDate "2012.08.17"]

1. e4 {[%clk 1:30:58]} g6 {[%clk 1:30:47]} 2. d4 {[%clk 1:31:15]} Bg7
{[%clk 1:29:50]} 3. Nc3 {[%clk 1:31:39]} d6 {[%clk 1:29:59]} 4. Be3
{[%clk 1:32:03]} Nc6 {[%clk 1:30:01]} 5. Qd2 {[%clk 1:32:24]} e5 {[%clk 1:30:09]}
6. Nge2 {[%clk 1:32:52]} exd4 {[%clk 1:29:19]} 7. Nxd4 {[%clk 1:33:10]} Nf6
{[%clk 1:29:11]} 8. f3 {[%clk 1:32:54]} O-O {[%clk 1:28:43]} 9. g4
{[%clk 1:30:53]} Ne5 {[%clk 1:25:18]} 10. Be2 {[%clk 1:27:22]} a6
{[%clk 1:19:54]} 11. g5 {[%clk 1:25:57]} Ne8 {[%clk 1:17:19]} 12. f4
{[%clk 1:25:34]} Nc6 {[%clk 1:16:18]} 13. O-O-O {[%clk 1:24:16]} Nxd4
{[%clk 1:06:38]} 14. Bxd4 {[%clk 1:24:15]} Be6 {[%clk 1:03:05]} 15. Bxg7
{[%clk 1:23:23]} Nxg7 {[%clk 1:03:08]} 16. h4 {[%clk 1:22:16]} f5
{[%clk 0:58:01]} 17. h5 {[%clk 1:20:57]} Qe7 {[%clk 0:54:04]} 18. Nd5
{[%clk 1:18:37]} Bxd5 {[%clk 0:52:58]} 19. Qxd5+ {[%clk 1:18:28]} Ne6
{[%clk 0:53:21]} 20. Bc4 {[%clk 1:18:11]} Rae8 {[%clk 0:53:39]} 21. hxg6
{[%clk 1:14:42]} hxg6 {[%clk 0:53:17]} 22. Rhe1 {[%clk 1:15:00]} c6
{[%clk 0:52:44]} 23. Qxd6 1-0